Personnages joués par Joaquin Phoenix par images (Click) - Statistiques

Statistiques générales
  • Ce quiz a été pris 61 fois
  • Le résultat moyen est 7 sur 25
Statistiques - réponses
Hint Réponse % Correct
Joker
100%
Napoléon
94%
Gladiator
90%
Her
52%
Le Village
44%
Piège de feu
38%
Marie Madeleine
37%
Beau Is Afraid
31%
Hôtel Rwanda
29%
Signes
29%
Walk the Line
29%
Les Frères Sisters
27%
Buffalo Soldiers
21%
Two Lovers
17%
La nuit nous appartient
17%
The Master
15%
Inherent Vice
13%
A Beautiful Day
12%
Don't Worry, He Won't Get Far on Foot
12%
I'm still here
10%
L'Homme irrationnel
8%
Prête à tout
8%
8 Millimètres
6%
The Yards
6%
Nos âmes d'enfants
4%
Aucun quiz correspondant
Distribution des résultats
% des personnes avec chaque résultat
Percentile par nombre de réponses
Votre historique - résultats
Vous n’avez pas pris ce quiz